Este é "um daqueles dias", Papá? (Registo nº 200716)

Detalhes MARC
000 -Etiqueta do registo
Valores 00595nam 22002173 4500
010 ## - Número ISBN
ISBN 972-662-933-0
021 ## - Número do Depósito Legal
Código do país Portugal
Número 201362/2003
100 ## - Dados gerais de processamento
Dados gerais 20260224d u||y0pory50 ba
200 ## - Titulo e menção de responsabilidade
Título próprio Este é "um daqueles dias", Papá?
Primeira menção de responsabilidade Lynn Johnston
Outras menções de responsabilidade tradução Gonçalo Terra
205 ## - Menção da edição
Edição
210 ## - Publicação
Local de publicação Lisboa
Nome do editor Gradiva
Data de publicação 2003
215 ## - Descrição física 
Paginação / Volumes 127 p.
Outras indicações físicas il. ; brochado
Dimensões 22 cm
606 ## - Nome comum usado como assunto
ID Autoridade 1586
Palavra de ordem Desenho Artístico
610 ## - Termos não controlados
Palavra de ordem Banda desenhada
675 ## - CDU
Notação 74
Edição PT
Língua por
700 ## - Autor principal (pessoa individual)
ID Autoridade 11302
Apelido Johnston
Nome Lynn
801 ## - Fonte de origem
País PT
Agência BMMN
Regras de catalogação RPC
830 ## - Notas gerais do catalogador
Criado por Isabel
990 ## - Elementos KOHA
Tipo de documento Livro
Exemplares
Situação do levantamento Biblioteca de origem Código de barras Cota Permissão de empréstimo Tipo de documento Forma de aquisição
  Biblioteca Municipal de Montemor-o-Novo 29947 74 JOH|AJ   Livro Oferta

Powered by Koha